| 000 | 00858nam a2200181 a 4500 | ||
|---|---|---|---|
| 008 | 150817s1995 ||||||||||||||||| || u | ||
| 020 | _a9780133408942 | ||
| 050 | _aQP 34.5 Mar | ||
| 100 | _aMartini, Frederic H | ||
| 245 | 1 | 0 |
_aFundamentals of anatomy and physiology. (3rd ed.) _cby Frederic H. Martini, Kathleen Welch and Martha Newsome |
| 250 | _a3rd ed. | ||
| 260 |
_aEnglewood Cliffs _bPrentice Hall _c1995 |
||
| 300 | _avii, 437p. | ||
| 350 | _a0.75 | ||
| 650 | 0 | _aHUMAN PHYSIOLOGY | |
| 995 |
_aMEDICAL LIBRARY OPEN ACCESS _e903041 _FCBU-SCHOOL OF MEDICINE LIBRARY (Ndola) _I0.75 _jQP 34.5 Mar _M2 _UAVAILABLE _WSep 7, 2015 _y903041 _ZMedical Library Open Access Collection |
||
| 995 |
_aMEDICAL LIBRARY OPEN ACCESS _e903104 _FCBU-SCHOOL OF MEDICINE LIBRARY (Ndola) _I0.75 _jQP 34.5 Mar _M1 _UAVAILABLE _WSep 4, 2015 _y903104 _ZMedical Library Open Access Collection |
||
| 999 |
_c63882 _d63882 |
||